00698nam a2200205 i 450000100060000000300090000600500170001500700030003200800410003508000110007613000340008724500830012126000630020430000270026763000200029470000190031485200220033399900170035595201200037247637ES-MaACL20230906161613.0t|030509s1931 sp ||||1| spa d a297.180 aCorán. lEspañol.912033013aEl Korán / cMahoma ; edición, traducción, prólogo y notas de O.B.B.J. aMadrid : bLibrería de la Vda. de J.B. Bergua, c[1931?] aXVI, 539 p. ; c16 cm.04aCorán.9113611 aMahoma.975544 aES-MaACLjB-12656 c47637d47637 00104070aATENEOMbATENEOMcSPBd2008-01-17eSCl0oB-12656p1050121r2023-02-23 00:00:00w2023-02-23yMONOGRAFIA